| 000 | 00874nam a2200241 i 4500 | ||
|---|---|---|---|
| 001 | 181882 | ||
| 003 | ES-MaACL | ||
| 005 | 20231021153937.0 | ||
| 008 | 130503s2011 xxu |||| | spa d | ||
| 020 | _a0-87612-135-0 | ||
| 080 | _a232.33 | ||
| 100 | 1 |
_aYogananda, Paramahansa. _9117656 |
|
| 245 | 1 | 3 |
_aLa segunda venida de Cristo _b: la resurrección del Cristo que mora en tu interior. _nI / _cParamahansa Yogananda. |
| 250 | _a1ª ed. en español. | ||
| 260 |
_aLos Ángeles, California : _bSelf-Realization Fellowship, _c2011. |
||
| 300 |
_aXXXIII, 687 p. : _bil. ; _c23 cm. |
||
| 500 | _aÍndice. | ||
| 600 | 0 | 4 |
_aJesucristo- _xEnseñanzas. _9147809 |
| 852 |
_aES-MaACL _jA-12704 _9188790 _bR.148987 _cDEPO1 _dOlim: N-5704 _xDonación: Luis Navas Sánchez |
||
| 903 |
_9234372 _aNavas Sánchez, Luis _ednr |
||
| 942 |
_2udc _cMONOGRAFIA |
||
| 999 |
_c181882 _d181882 |
||